000
00252nam a22001217a 4500
082
_a
894.818
_b
BEE/A
245
_a
AMMAMAR ARIYATHATH
260
_a
CALICUT
_b
PIANO PUBLICATIONS
_c
2011
300
_a
112
520
_a
STORY
650
_a
STORY
942
_c
BK
999
_c
4752
_d
4752